000 00354nam a2200145Ia 4500
008 230917s9999||||xx |||||||||||||| ||und||
040 _e32828
_aMAIN
041 _aEnglish
082 _a519.2 C929T
100 _aCox, D R
245 0 _aTheory of the design of experiments
260 _aLondon
_bChapman & Hall
_c2000
300 _a323 p.
942 _cBK
999 _c105360
_d105360